000 00754nmm a2200253 a 4500
003 AR-BaBNM
005 20251128203704.0
008 066119s1992 ||||||||||||||000 | spa||
020 _a950-701-126-9
040 _cAR-BaBNM
100 1 _aBogomolny, María Inés
245 1 0 _aTécnicas de estudio para grados superiores
_bfórmulas para aprender mejor
250 _a1ª ed.
260 _aBuenos Aires
_bAique
_c1992
300 _a32 p.
_bil.
500 _aEl presente material forma parte del libro "Ventanas al mundo" de 6to y 7mo grado
650 4 _aMETODOS DE ESTUDIO
650 4 _aACTIVIDADES DE APRENDIZAJE
650 4 _aRENDIMIENTO DEL ALUMNO
653 _aEDUCACION PRIMARIA
700 1 _aArias, Ana
942 _cBK
998 _cCarmen
999 _c4500
_d4500